[Event "Pula op 37th"]
[Site "Pula"]
[Date "2025.06.19"]
[Round "5"]
[White "Develi, Kemal Cagan"]
[Black "Omorjan, Dejan"]
[Result "0-1"]
[WhiteElo "1971"]
[BlackElo "2349"]
[PlyCount "160"]
[EventDate "2025.06.15"]
[EventType "swiss"]
[EventRounds "9"]
[EventCountry "CRO"]
[SourceTitle "CB26_2025"]
[SourceDate "2025.06.25"]
[SourceVersion "1"]
[SourceVersionDate "2025.06.25"]
[SourceQuality "1"]

1. e4 c5 2. c3 d5 3. exd5 Qxd5 4. d4 Nf6 5. Nf3 e6 6. Na3 a6 7. Nc4 Nbd7 8. Be2 b5 9. Ne3 Qc6 10. a4 Bb7 11. 0-0 Be7 12. axb5 axb5 13. Rxa8+ Bxa8 14. dxc5 Qxc5 15. Qb3 b4 16. Nc2 bxc3 17. bxc3 Qc7 18. Ba3 Bc5 19. Nb4 Qb6 20. Qa4 0-0 21. Nd3 Bxa3 22. Qxa3 Rc8 23. Rc1 Be4 24. Qb4 Qa7 25. Nd2 Rb8 26. Qd4 Qxd4 27. cxd4 Bxd3 28. Bxd3 Rd8 29. Ne4 Nxe4 30. Bxe4 g5 31. f3 Nf6 32. Rd1 Kg7 33. Kf2 h5 34. g3 Rd6 35. Ke3 Rb6 36. h4 Rb3+ 37. Rd3 Rxd3+ 38. Kxd3 gxh4 39. gxh4 Ne8 40. Ke3 Nd6 41. Kf4 Kf6 42. Bd3 Nc8 43. Bc2 Ne7 44. Be4 Nd5+ 45. Kg3 Nc3 46. Kf2 Nb5 47. Ke3 Nd6 48. Kf4 Nc8 49. Bd3 Ne7 50. Be4 Nd5+ 51. Kg3 Kg7 52. Kf2 Ne7 53. Bd3 f5 54. f4 Nd5 55. Kf3 Kf7 56. Bc4 Nb6 57. Be2 Nd7 58. Ke3 Nf6 59. Bf3 Ke7 60. Ke2 Kd6 61. Kf2 Kc7 62. Ke3 Kb6 63. Kd3 Nd5 64. Kc4 Nxf4 65. d5 e5 66. d6 e4 67. Bd1 Kc6 68. Kd4 Kxd6 69. Ke3 Ke5 70. Kf2 Kd4 71. Kg3 Ke3 72. Bb3 Ne2+ 73. Kg2 f4 74. Bd1 f3+ 75. Kh2 Kf2 76. Bc2 e3 77. Bg6 Nf4 78. Bf5 e2 79. Bh3 Nxh3 80. Kxh3 e1Q 0-1

[Event "TUR-ch U07/12"]
[Site "Antalya"]
[Date "2023.01.23"]
[Round "3"]
[White "Karakuzu, Mert Arslan"]
[Black "Develi, Kemal Cagan"]
[Result "1-0"]
[WhiteElo "1087"]
[BlackElo "1574"]
[PlyCount "71"]
[EventDate "2023.01.17"]
[EventType "swiss"]
[EventRounds "10"]
[EventCountry "TUR"]
[SourceTitle "EXT 2024"]
[Source "ChessBase"]
[SourceDate "2023.10.10"]
[SourceVersion "1"]
[SourceVersionDate "2023.10.10"]
[SourceQuality "1"]

1. e4 e5 2. Nf3 Nc6 3. d4 exd4 4. Bc4 g6 5. Nxd4 Bg7 6. Nxc6 bxc6 7. 0-0 Ne7 8. c3 0-0 9. Bg5 h6 10. Be3 d5 11. Bd3 Be6 12. Nd2 Qd7 13. Nf3 Rfd8 14. e5 Bg4 15. Bd4 c5 16. Bxc5 Nf5 17. h3 Bxf3 18. Qxf3 Bxe5 19. Bxf5 gxf5 20. Rfe1 f6 21. Qh5 Kg7 22. a4 Rg8 23. f4 Bd6 24. Bxd6 cxd6 25. Re3 Kh7 26. Rae1 Rg7 27. Re6 Rag8 28. Qxf5+ Kh8 29. g4 Qxa4 30. Qxf6 Qc4 31. Qxh6+ Rh7 32. Qf6+ Rhg7 33. Qh4+ Rh7 34. Rh6 Rgg7 35. Re8+ Rg8 36. Rxh7# 1-0